nancy drew mystery stories 9 (Record no. 10188)

MARC details
000 -LEADER
fixed length control field 00886nam a22001937a 4500
003 - CONTROL NUMBER IDENTIFIER
control field OSt
005 - DATE AND TIME OF LATEST TRANSACTION
control field 20260504013326.0
008 - FIXED-LENGTH DATA ELEMENTS--GENERAL INFORMATION
fixed length control field 260504b |||||||| |||| 00| 0 eng d
040 ## - CATALOGING SOURCE
Original cataloging agency DWCL GS lib
Transcribing agency OC
082 ## - DEWEY DECIMAL CLASSIFICATION NUMBER
Classification number Fic. K26n 1996
100 ## - MAIN ENTRY--PERSONAL NAME
Personal name Keene, Carolyn
245 ## - TITLE STATEMENT
Title nancy drew mystery stories 9
Remainder of title : the sign of the twisted candles
260 ## - PUBLICATION, DISTRIBUTION, ETC.
Place of publication, distribution, etc. New York
Name of publisher, distributor, etc. Grosset & Dunlap
Date of publication, distribution, etc. c1933
300 ## - PHYSICAL DESCRIPTION
Extent 175
Other physical details illustrations
Dimensions 19cm
520 ## - SUMMARY, ETC.
Summary, etc. In The Sign of the Twisted Candles (Book 9), Nancy Drew investigates the mysterious, trapped life of 100-year-old Asa Sidney at a roadside inn. While navigating a family feud, a stolen fortune, and a difficult friendship, Nancy uncovers hidden treasures and a secret identity to bring swindlers to justice.
546 ## - LANGUAGE NOTE
Language note English
700 ## - ADDED ENTRY--PERSONAL NAME
Personal name Carolyn Keene
942 ## - ADDED ENTRY ELEMENTS (KOHA)
Source of classification or shelving scheme Dewey Decimal Classification
Koha item type Fiction
Classification part Fic. K26n 1996
Suppress in OPAC No
952 ## - LOCATION AND ITEM INFORMATION (KOHA)
--
Holdings
Withdrawn status Lost status Source of classification or shelving scheme Damaged status Not for loan Home library Current library Shelving location Date acquired Source of acquisition Total Checkouts Full call number Barcode Date last seen Price effective from Koha item type Uniform Resource Identifier
    Dewey Decimal Classification     College Library Grade School Library Circulation 05/04/2026 School Fund, Donation   Fic. K26n 1996 20245 05/04/2026 05/04/2026 FIC.